Normal view MARC view
  • Lay, W. A.

Entry Nombre Personal

Number of records used in: 1

001 - NUMERO DE CONTROL

  • campo de control: 53679

003 - IDENTIFICADOR DE NUMERO DE CONTROL

  • campo de control: DLC

005 - FECHA Y HORA DE LA ÜLTIMA TRANSACCIÓN

  • campo de control: 20240924120235.0

008 - DATOS DE LONGITUD FIJA

  • campo de control de longitud fija: 240924|| aca||aabn | aaa d

010 ## - NÚMERO DE CONTROL DE LA BIBLIOTECA DEL CONGRESO

  • Número de control LC: no 98066907

035 ## - NUMERO DE CONTROL

  • Número de control: (OCoLC)oca04664794

035 ## - NUMERO DE CONTROL

  • Número de control: (DLC)no 98066907

040 ## - FUENTE DE CATALOGACIÓN

  • Agencia original de catalogación: TNJ
  • Lenguaje de catalogación: spa
  • Agencia de transcripción: TNJ
  • Agencia que lo modifica: MX-MxUPN

100 1# - ENCABEZAMIENTO - NOMBRE PERSONAL

  • Nombre personal: Lay, W. A.
  • Fuller form of name: (Wilhelm August),
  • Fechas asociadas con el nombre: 1862-1926

670 ## - FUENTE EN LA QUE SE LOCALIZARON DATOS

  • Cita de la fuente: Autoridades LC, 24 septiembre 2024 :
  • Información localizada: (Lay, W. A. (Wilhelm August), 1862-1926)
  • Uniform Resource Identifier: https://lccn.loc.gov/no98066907

902 ## - CATALOGADOR

  • Catalogador: MaríaRobles/240924